000 00269nam a2200121Ia 4500
008 190216s9999||||xx |||||||||||||| ||und||
100 _aM.N Arora
245 0 _aCost Accounting
250 _a1st Ed.
260 _bVikas Publications
_c2008
300 _a991p
942 _cBK
999 _c5045
_d5045